[Event "XII Closed IM BCC 2021"]
[Site "Barcelona"]
[Date "2021.03.22"]
[Round "8.2"]
[White "Garcia Ramos, Daniel"]
[Black "Alcala Gonzalez, Cesar"]
[Result "1-0"]
[WhiteElo "2412"]
[BlackElo "2110"]
[Annotator "TA"]
[PlyCount "93"]
[EventDate "2021.03.15"]
[EventType "tourn"]
[EventCountry "ESP"]
[SourceTitle "playchess.com"]
[Source "ChessBase"]
[SourceQuality "1"]

{[%evp 25,93,-35,12,14,14,13,9,0,0,0,0,0,0,0,0,0,0,0,0,0,10,0,0,1,10,-59,-63,-63,-66,-65,-27,-30,-18,-54,-58,-87,-83,-125,-113,-88,0,-168,-187,-160,-50,-53,0,-367,-371,-365,-348,-278,-5,-169,-158,-128,215,214,159,170,497,-332,156,0,29980,29981,29991,29992,29992,29993]} 1. Nf3 d5 2. g3 Nf6 3. Bg2 Bg4 4. O-O c6 5. b3 Nbd7 6. Bb2 e6 7. d3 Bd6 8. Nbd2 O-O 9. Qe1 e5 10. e4 Re8 11. h3 Bh5 12. Nh4 Qc7 13. a3 Bg6 {[#]} 14. Rc1 $146 {A07: Réti Opening: New York and Capablanca Systems.} ({Predecessor:} 14. Nxg6 hxg6 15. Qe2 Nc5 16. Rfe1 dxe4 17. dxe4 Rad8 18. Nc4 Bf8 19. Rad1 Rxd1 20. Rxd1 b5 21. Nd2 a6 {½-½ (49) Haub,T (2458)-Piceu,T (2330) Belgium 2013}) 14... Nc5 15. Nxg6 hxg6 16. exd5 {The position is equal.} cxd5 17. Qe3 a5 18. Rfe1 Rac8 19. c4 d4 20. Qe2 Qd7 21. Rb1 b6 22. b4 axb4 23. axb4 Na4 24. Ba1 Qe7 25. c5 (25. b5 $1 $11) 25... bxc5 $15 26. b5 Nb6 27. Bc6 Nfd7 28. h4 Red8 29. Rec1 Nf6 30. Qf3 Qe6 31. Nc4 Nxc4 32. Rxc4 Qf5 ({Black should play} 32... Bf8 $17) 33. b6 $2 {[#]} (33. Kg2 $11) 33... Rxc6 $1 $19 {[%mdl 512]} 34. Qxc6 Qxd3 (34... e4 $1 $17 {[%cal Re4e3]} 35. dxe4 Nxe4) 35. Rcc1 $1 $15 e4 (35... Qa6 $1 $15) 36. Qb5 $2 {[%mdl 8192]} (36. b7 $1 $11 {and White has nothing to worry.} Bxg3 37. Qc8) 36... Qf3 $19 37. Qf1 e3 38. Qg2 Qxg2+ 39. Kxg2 {[#] fxe3 is the strong threat.} e2 40. Kf3 d3 {[%mdl 8192]} (40... Re8 $17 {and life is bright. And now ...Nd5 would win.} 41. b7 Kh7) 41. Bxf6 $18 gxf6 {[%mdl 4096] Endgame KRR-KRB} 42. Ke3 {Strongly threatening Kd2.} c4 $2 (42... Bxg3 {is a better chance.} 43. fxg3 d2 44. Kxe2 dxc1=B 45. Rxc1 Rb8) 43. b7 $4 {[%mdl 8192] [#]} (43. Rxc4 $18 Re8+ 44. Kd2) 43... c3 $2 (43... Rb8 $1 $19 {Threatens to win with ...Bc5+.} 44. Rb5 (44. Kd2 $2 Bc7 $19) 44... Be5) 44. Rxc3 $2 ({White must play} 44. Kxd3 $16 Bf4+ 45. Kxe2 Bxc1 46. b8=Q (46. Rxc1 Rb8 $11) 46... Rxb8 47. Rxb8+ Kg7 48. Rc8) 44... Bb4 $2 {[%mdl 8192]} 45. Rc8 {White mates.} d2 46. Rxd8+ Kg7 47. Kxe2 {Weighted Error Value: White=0.56/Black=0.85} 1-0

[Event "XII Closed IM BCC 2021"]
[Site "Barcelona"]
[Date "2021.03.22"]
[Round "8.3"]
[White "Gines Esteo, Pedro Antonio"]
[Black "Hernandez, Cristian Andres"]
[Result "0-1"]
[WhiteElo "2443"]
[BlackElo "2355"]
[Annotator "TA"]
[PlyCount "86"]
[EventDate "2021.03.15"]
[EventType "tourn"]
[EventCountry "ESP"]
[SourceTitle "playchess.com"]
[Source "ChessBase"]
[SourceQuality "1"]

{[%evp 15,86,15,12,-12,11,12,28,10,35,25,34,39,42,41,70,63,68,62,66,69,71,-24,11,20,29,60,31,8,6,-17,-7,0,0,-8,-11,-153,-148,-165,-135,-150,-131,-145,-127,-143,-141,-204,-194,-181,-137,-336,-361,-334,-342,-557,-453,-689,-443,-1393,-1387,-1064,-543,-29975,-29976,-29976,-29977,-29977,-29978,-29977,-29978,-29988,-29989,-29995,-29991]} 1. c4 c6 2. Nf3 d5 3. g3 Nf6 4. Bg2 Bf5 5. O-O e6 6. cxd5 exd5 7. d3 Be7 8. Nc3 O-O 9. Qb3 {A11: English Opening: 1...c6.} Qb6 10. Qc2 Bg6 11. e4 {White has an edge.} dxe4 12. dxe4 Nbd7 13. Nh4 Rfe8 {[#]} 14. h3 $146 ({Predecessor:} 14. Bf4 Nf8 15. Rad1 Rad8 16. Be3 Qa5 17. Nxg6 hxg6 18. a3 Ne6 19. h3 Rxd1 20. Rxd1 Rd8 21. Rxd8+ Bxd8 {½-½ (21) Paragua,M (2513)-Megaranto,S (2550) chess.com INT 2020}) 14... Bb4 15. Na4 Qa6 {[%cal Rg6e4]} 16. a3 Ba5 {[%cal Rg6e4]} 17. Nxg6 hxg6 18. f4 (18. Be3 $16) 18... b5 {[#]} (18... Nb6 $5 {[%cal Rb6a4]} 19. Nc5 Qc4 $11) 19. b4 $1 Bb6+ (19... bxa4 20. bxa5) 20. Nxb6 {[%mdl 64] Overworked Piece} Nxb6 {[%cal Bd7b6,Bb6c4,Bc4e3][%mdl 32]} 21. e5 ({Much worse is} 21. Qxc6 Rac8 $17) 21... Nfd5 22. f5 ({Much weaker is} 22. Qxc6 Rac8 $1 $17) 22... gxf5 23. Qxf5 Qb7 24. Ra2 Nc4 25. Raf2 (25. Re2 $1 $11) 25... Nce3 $17 26. Qe4 Nxf1 27. Bxf1 Re6 28. h4 Rae8 29. Bb2 {[#]} Qc7 $1 30. Rf5 (30. Bd4 $17 {keeps fighting.}) 30... g6 31. Rg5 {[#]} Nf6 $1 {[%mdl 512]} 32. Qf3 {[#] White does not recover from this.} (32. Qf4 $17 Nd5 33. Qf2) 32... Nd7 $1 $19 33. Bh3 Nxe5 34. Qc3 (34. Qh5 {was the only defense.} Qb6+ 35. Kh1) 34... f6 35. Qb3 (35. Bxe6+ $142 Rxe6 36. Qb3) 35... Qf7 36. Bxe5 (36. Bxe6 $142 Rxe6 37. Rxe5 fxe5 38. Qd3) 36... fxg5 37. Bxe6 Qxe6 38. Qd3 Qxe5 {Black mates.} 39. Qxg6+ Kf8 40. Qh6+ Qg7 41. Qd6+ Kg8 42. Qxc6 Qd4+ {[%mdl 64] Double Attack} 43. Kf1 Qc4+ {Weighted Error Value: White=0.69/Black=0.26} 0-1

[Event "XII Closed IM BCC 2021"]
[Site "Barcelona"]
[Date "2021.03.22"]
[Round "8.4"]
[White "Alvarez Albiol, Victor"]
[Black "Benedetti, Julio"]
[Result "0-1"]
[WhiteElo "2246"]
[BlackElo "2282"]
[Annotator "TA"]
[PlyCount "100"]
[EventDate "2021.03.15"]
[EventType "tourn"]
[EventCountry "ESP"]
[SourceTitle "playchess.com"]
[Source "ChessBase"]
[SourceQuality "1"]

{[%evp 21,100,13,32,0,26,0,0,0,0,0,0,0,0,-130,-148,-130,-126,-165,-81,-231,-220,-253,-212,-246,-222,-255,-137,-155,-158,-137,-135,-317,-196,-183,0,-358,-340,-596,-595,-575,-583,-587,-461,-430,-389,-858,-856,-857,-836,-814,-795,-791,-782,-779,-754,-741,-737,-728,-726,-1248,-1248,-1875,-1906,-1407,-1243,-1218,-1053,-1433,0,-1218,-1218,-2464,-2110,-2127,-1563,-29994,-29994,-29994,-29995,-29995,-29993]} 1. e4 c5 2. Nf3 d6 3. d4 cxd4 4. Nxd4 Nf6 5. Nc3 a6 6. Bg5 e6 7. f4 Be7 8. Qf3 Nbd7 9. O-O-O Qc7 10. g4 b5 11. Bxf6 Nxf6 12. a3 {B99: Sicilian Najdorf: 6 Bg5 e6 7 f4 Be7 8 Qf3 Qc7 9 0-0-0 Nbd7.} Rb8 13. Rg1 (13. f5 $5 {[%cal Rg4g5]}) 13... b4 14. axb4 {The position is equal.} Rxb4 15. g5 Nd7 16. f5 {[#]} Ne5 $146 ({Predecessor:} 16... Nc5 17. f6 gxf6 18. gxf6 Bf8 19. Rg7 Bxg7 20. fxg7 Rg8 21. Qf6 Bb7 22. Bb5+ {1-0 (22) Jacko,V (2163)-Dydyshko,V (2547) Slovakia 2011}) 17. Qh3 (17. Qe3 $1 $11 {keeps the balance.}) 17... Qb6 $36 {[%mdl 2048] Black is really pushing.} 18. Nb3 Bd7 (18... Qxg1 19. Bb5+ $1 axb5 20. Rxg1 $16) (18... Rxb3 19. cxb3 Qxb3 20. Rg3 $14) 19. Be2 {[#]} g6 (19... a5 $1 $19 {has better winning chances.} 20. Nd2 Rxb2) 20. Kb1 {[#]} (20. f6 $17 Bd8 21. Rge1) 20... a5 $1 $19 {[%cal Ra5a4] Strongly threatening ...a4.} (20... gxf5 21. exf5 a5 22. Bh5 $14) (20... exf5 21. Nd5 $14) 21. Na2 Rxe4 22. fxg6 fxg6 ({Less strong is} 22... Rxe2 23. Nc3 $15) 23. Nc3 Re3 (23... Rb4 $19 24. Na2 Rf4) 24. Rg3 $17 Rxg3 25. Qxg3 O-O 26. Bg4 $2 (26. Nd4 $17 {might work better.}) 26... Qb4 ({Don't take} 26... Bxg5 27. Qh3 $19) 27. Rd4 Qb6 (27... Qb8 $19 {Threatens to win with ...a4.} 28. Be2 Qa7) 28. Na4 $2 {[%mdl 8192]} (28. Rd1 $1 $11 {and White stays safe.} a4 29. Nxa4 Bxa4 30. Bxe6+ Kh8 31. Nd4) 28... Qa7 $19 29. Qc3 $2 (29. Be2) 29... Rf1+ 30. Ka2 {If White can now play Qh3 this consolidates a bit.} Nc6 31. Qh3 Nxd4 32. Qxf1 Nxc2 ({Much less strong is} 32... Bxa4 33. Nxd4 Qxd4 34. Bxe6+ Kh8 35. c3 $19) 33. Qc4 $2 (33. Qh3 Qe3 34. Qxe3 Nxe3 35. Nb6 Nxg4 36. Nxd7) 33... Nb4+ 34. Ka3 d5 35. Qe2 Qa6 36. Qxa6 Nxa6+ 37. Ka2 Bxa4 38. Bxe6+ Kf8 39. Nxa5 Bb5 40. h4 Bb4 41. Nb7 d4 42. Bg4 Ke7 43. Kb3 Bc6 44. Bc8 Bb5 45. Bg4 $1 d3 46. h5 Bc6 47. h6 Bxb7 48. Bf5 Bd5+ {Black mates.} 49. Ka4 gxf5 50. g6 Bg8 {Weighted Error Value: White=0.84/Black=0.25} 0-1

[Event "XII Closed IM BCC 2021"]
[Site "Barcelona"]
[Date "2021.03.22"]
[Round "8.5"]
[White "Martin Barcelo, Carles"]
[Black "Serra Canals, Oriol"]
[Result "1-0"]
[WhiteElo "2258"]
[BlackElo "2220"]
[Annotator "TA"]
[PlyCount "57"]
[EventDate "2021.03.15"]
[EventType "tourn"]
[EventCountry "ESP"]
[SourceTitle "playchess.com"]
[Source "ChessBase"]
[SourceQuality "1"]

{[%evp 17,57,31,62,64,58,24,33,22,25,25,29,-7,0,-6,0,-14,85,80,88,87,93,93,85,90,100,92,140,132,225,220,535,515,519,518,593,581,567,547,530,532,1732,1730]} 1. e4 e6 2. d4 d5 3. e5 c5 4. c3 Bd7 5. Nf3 Qb6 6. a3 cxd4 7. cxd4 Bb5 8. Bxb5+ Qxb5 9. Nc3 Qa6 10. Bd2 {C02: French: Advance Variation.} Nd7 11. b4 Qd3 12. Qe2 {White is slightly better.} (12. Ne2 {is interesting.} Ne7 13. O-O Nb6 14. Nf4 Qb5 15. Qb3) 12... Qxe2+ 13. Kxe2 Nb6 {[#]} 14. Be3 $146 ({Predecessor:} 14. Rhc1 a6 15. b5 a5 16. Nd1 Nc4 17. a4 Be7 18. Ne3 Nxe3 19. fxe3 Bd8 20. Rc2 {½-½ (49) Borrink,J (2118)-Hunhoff,S (1887) Germany 2014}) 14... Kd7 15. Rhc1 a6 16. Rab1 f6 (16... Ne7 $11) 17. a4 $16 {[%cal Ba3a4,Ba4a5][%mdl 32]} Ne7 18. a5 Nc4 19. Na4 $36 {[%mdl 2048] And now Rxc4! would win. White is in control.} Ke8 20. Nc5 Kf7 21. Nxb7 Nc6 22. Nd2 {Hoping for exf6.} Nxd2 (22... Nxb4 $16 23. Nxc4 dxc4) 23. Kxd2 $18 Nxb4 {[#]} ({Don't play} 23... Bxb4+ 24. Kd3) (23... Na7 24. Rc7+ Kg6 25. exf6 gxf6) 24. Nd6+ {White is clearly winning.} Bxd6 25. exd6 Rab8 26. Rc7+ Kg6 27. d7 Rhd8 28. Rc8 Nc6 29. Rbxb8 {Weighted Error Value: White=0.04/Black=0.40} 1-0

[Event "XII Closed IM BCC 2021"]
[Site "Barcelona"]
[Date "2021.03.23"]
[Round "9.1"]
[White "Serra Canals, Oriol"]
[Black "Girel, Joseph"]
[Result "0-1"]
[WhiteElo "2220"]
[BlackElo "2310"]
[Annotator "TA"]
[PlyCount "88"]
[EventDate "2021.03.15"]
[EventType "tourn"]
[EventCountry "ESP"]
[SourceTitle "playchess.com"]
[Source "ChessBase"]
[SourceQuality "1"]

{[%evp 12,88,12,12,12,12,12,12,8,0,0,0,0,-26,0,-13,-6,-27,-26,-25,-22,-23,-22,-19,-27,-21,-22,-151,-148,-141,-139,-146,-145,-144,-144,-168,-137,-150,-162,-200,-205,-192,-187,-214,-214,-214,-214,-308,-314,-425,-334,-360,-354,-325,-307,-436,-409,-498,-498,-466,-464,-510,-511,-543,-535,-583,-564,-580,-529,-527,-519,-490,-424,-858,-838,-834,-858,-5481,-5431]} 1. d4 Nf6 2. c4 e6 3. Nf3 d5 4. Nc3 Bb4 5. cxd5 exd5 6. Bg5 h6 7. Bh4 O-O {D38: Queen's Gambit Declined: Ragozin Defence (4 Nf3 Bb4).} 8. e3 Bf5 9. Be2 {is currently scoring better than 9.Qb3.} Nbd7 {The position is equal.} 10. O-O c6 11. Qb3 {[#]} Qb6 $146 ({Predecessor:} 11... Qe7 12. Ne5 Bxc3 13. Nxd7 Qxd7 14. bxc3 g5 15. Bg3 Ne4 16. Qa3 Qe6 17. Qb2 b6 {1-0 (36) Kovalenko,I (2654)-Navara,D (2734) Riga 2019}) 12. Nd2 Rfe8 13. Rfc1 Bf8 14. Na4 Qxb3 15. Nxb3 g5 16. Bg3 Ne4 17. a3 a5 18. Bc7 Ra7 {White must now prevent ...b5.} 19. Nxa5 {Black converts the advantage convincingly.} (19. Nb6 $11) 19... Rc8 $17 20. Bb6 Nxb6 21. Nxb6 Rxa5 22. Nxc8 Bxc8 23. b4 Ra4 24. Bd1 Ra8 25. Rcb1 Nd2 26. Rb2 Nc4 27. Rb3 b5 28. Bc2 f5 29. f3 (29. Bd3 $142) 29... Bg7 $19 30. Rd3 f4 31. e4 dxe4 32. fxe4 Bg4 33. Bb3 (33. e5 $142) 33... Rd8 34. Kf1 Rxd4 {Black is clearly winning.} 35. Rxd4 Bxd4 36. Rc1 Be6 {Strongly threatening ...Ne3+.} 37. Ke2 Bb2 38. Rc2 {Black should prevent Rxb2!} Bxa3 39. Ra2 {and the idea Rxa3! leaves White hopeful.} Bxb4 40. Ra6 Kf7 41. Rxc6 Be7 42. e5 (42. Rc7 $142) 42... g4 43. Kf2 f3 44. gxf3 Bh4+ {Weighted Error Value: White=0.61/Black=0.08} 0-1

[Event "XII Closed IM BCC 2021"]
[Site "Barcelona"]
[Date "2021.03.23"]
[Round "9.2"]
[White "Benedetti, Julio"]
[Black "Martin Barcelo, Carles"]
[Result "1/2-1/2"]
[WhiteElo "2282"]
[BlackElo "2258"]
[Annotator "TA"]
[PlyCount "28"]
[EventDate "2021.03.15"]
[EventType "tourn"]
[EventCountry "ESP"]
[SourceTitle "playchess.com"]
[Source "ChessBase"]
[SourceQuality "1"]

{[%evp 15,28,1,17,9,16,15,14,0,-3,-9,-11,-21,-7,-13,5]} 1. e4 e6 2. d4 d5 3. Nc3 Nf6 4. e5 Nfd7 5. f4 c5 6. Nf3 Nc6 7. Be3 Be7 8. Qd2 a6 {The position is equal.} 9. a3 {C11: French: Classical System: 4 e5 and 4 Bg5 dxe4.} O-O 10. dxc5 Nxc5 {10...Nxc5 has lost popularity.} 11. b4 Nd7 {[#]} 12. Rd1 $146 ({Predecessor:} 12. Be2 f6 13. exf6 Nxf6 14. O-O Bd6 15. Rad1 a5 16. b5 Ne7 17. Na4 Ne4 18. Qe1 {1-0 (43) Starodubtsev,V (2337)-Lukasevicius,P (2011) ICCF email 2018}) 12... f6 13. exf6 Nxf6 14. Be2 Bd6 {Not much happened in this game.  Weighted Error Value: White=0.04/Black=0.03} 1/2-1/2

[Event "XII Closed IM BCC 2021"]
[Site "Barcelona"]
[Date "2021.03.23"]
[Round "9.3"]
[White "Hernandez, Cristian Andres"]
[Black "Alvarez Albiol, Victor"]
[Result "1-0"]
[WhiteElo "2355"]
[BlackElo "2246"]
[Annotator "TA"]
[PlyCount "135"]
[EventDate "2021.03.15"]
[EventType "tourn"]
[EventCountry "ESP"]
[SourceTitle "playchess.com"]
[Source "ChessBase"]
[SourceQuality "1"]

{[%evp 16,135,41,41,47,45,45,45,46,41,47,49,49,54,50,25,83,37,65,27,30,30,43,34,32,28,29,23,25,30,86,87,84,83,82,95,112,97,202,201,191,200,218,208,230,240,234,232,275,275,273,237,237,131,232,218,323,229,202,0,53,52,53,23,53,0,0,32,40,40,47,47,54,47,51,0,8,8,21,21,36,58,62,38,33,38,64,36,185,185,185,185,360,359,378,378,378,352,337,312,621,626,740,610,29971,29973,29973,29976,29977,29972,29972,29972,29980,29981,29981,29975,29975,29978,29977,29979,29991,29992]} 1. e4 c5 2. Nf3 d6 3. Bb5+ Bd7 4. Bxd7+ Nxd7 5. O-O Ngf6 6. Qe2 g6 7. c3 Bg7 8. d4 cxd4 9. cxd4 e6 {B52: Sicilian: Moscow Variation with 3...Bd7.} 10. Bf4 {[#]} d5 $146 ({Predecessor:} 10... Qb6 11. Nc3 O-O 12. a4 Nh5 13. Be3 a6 14. a5 Qd8 15. Rfc1 b5 16. axb6 Qxb6 17. e5 {1-0 (32) Queiroz,A (2081)-Deste,D (1970) Porto Alegre 2013}) 11. e5 $1 {[%cal Re5f6]} Ne4 {White is slightly better.} 12. Nbd2 Nxd2 13. Qxd2 O-O 14. Rac1 Qb6 15. Rc3 f6 (15... Rfc8 $11) 16. exf6 Nxf6 {With the idea ...Ne4.} 17. Rb3 Ne4 18. Qe3 Qa6 19. Be5 Rac8 20. Bxg7 Kxg7 21. Ne1 Rf7 22. f3 Nf6 (22... Nd6 $11) 23. Nd3 $16 Nd7 24. Re1 Re7 25. h4 Rce8 26. h5 e5 (26... gxh5 $16 {was necessary.} 27. Rc1 Nf8) 27. dxe5 $18 (27. Nxe5 $6 Nxe5 28. dxe5 Qxa2 $16) 27... Nxe5 28. Nxe5 Rxe5 29. Qc3 Qf6 30. Rxb7+ Kh6 31. Rxe5 Rxe5 32. hxg6 hxg6 {[%mdl 4096] Endgame KQR-KQR} 33. Qd2+ (33. Rxa7 Qb6+ 34. Kf1 Qb5+ 35. Kg1 Qb6+ 36. Kf1 Qb5+ 37. Kg1 Qb6+ $11) 33... g5 {[#]} 34. g3 ({Avoid the trap} 34. Rxa7 $2 Qb6+ 35. Kh2 Qxa7 $19) (34. Qc3 $1 $18 {[%cal Rc3c7] Strongly threatening Qc7.} Qe6 35. Rxa7 (35. Qc7 Re1+ 36. Kh2 Rh1+ {[%mdl 64] Decoy} 37. Kxh1 Qe1+ 38. Kh2 Qh4+ 39. Kg1 Qe1+ 40. Kh2 Qh4+ 41. Kg1 Qe1+ 42. Kh2 $11)) 34... Re7 (34... Kg6 $16) 35. Qxd5 Re1+ (35... Rxb7 $142 36. Qxb7 a6) 36. Kf2 Rb1 {[#]} 37. Qd2 $2 (37. Qb5 $1 $18) 37... Rf1+ 38. Kxf1 $14 {Qh2+ would kill now.} Qxf3+ 39. Qf2 (39. Kg1 {seems wilder.} Qxb7 40. b4 Qc7 41. Kh2 Qh7 42. Qe2) 39... Qxb7 $11 {KQ-KQ} 40. b3 Qh1+ 41. Ke2 Qe4+ 42. Kd2 Qb4+ 43. Kd3 Qb5+ 44. Ke4 Qc6+ 45. Ke5 (45. Ke3 $1 $14) 45... Qc7+ 46. Kd5 Qb7+ 47. Kd6 Qa6+ 48. Kc7 Qd3 $1 49. Kb7 ({Much weaker is} 49. Qxa7 Qxg3+ 50. Kc6 g4 $15) 49... a5 $1 50. Kb6 Qd8+ 51. Ka6 {aiming for Qb6+.} (51. Kb5 $5 {[%cal Rf2b6]} Qd5+ 52. Ka4 $16) 51... Kh5 {A mistake that costs the game.} (51... Qa8+ $14 52. Kb6 Qd8+ 53. Kb5 Qd5+ 54. Ka4 Kg6 55. Qc2+ Kh6) 52. Qf3+ $18 Kg6 53. g4 Qd6+ $2 (53... Kg7 54. a4 Qd2) 54. Kxa5 Qa3+ 55. Kb5 Qxa2 56. Qf5+ Kh6 57. b4 {[%cal Bb3b4,Bb4b5][%mdl 32]} Qe2+ $2 (57... Qf7 58. Qc5 Kh7 59. Qxg5 Qd7+ 60. Kc4 Qc6+ 61. Qc5 Qe4+ 62. Kc3 Qf3+ 63. Kb2 Qxg4) 58. Kb6 Qe7 59. b5 Qd6+ 60. Kb7 {White mates.} Qe7+ 61. Kc6 Qe8+ 62. Qd7 Qa8+ 63. Kd6 Qa5 64. Qc6 Qd8+ 65. Kc5+ Kg7 66. b6 Qf8+ 67. Qd6 Qc8+ 68. Qc7+ {Weighted Error Value: White=0.14/Black=0.47} 1-0

[Event "XII Closed IM BCC 2021"]
[Site "Barcelona"]
[Date "2021.03.23"]
[Round "9.4"]
[White "Alcala Gonzalez, Cesar"]
[Black "Gines Esteo, Pedro Antonio"]
[Result "1/2-1/2"]
[WhiteElo "2110"]
[BlackElo "2443"]
[Annotator "TA"]
[PlyCount "121"]
[EventDate "2021.03.15"]
[EventType "tourn"]
[EventCountry "ESP"]
[SourceTitle "playchess.com"]
[Source "ChessBase"]
[SourceQuality "1"]

{[%evp 22,121,16,16,18,15,20,15,19,24,24,18,28,0,28,0,0,0,9,-51,-45,-60,-47,-51,-4,-11,0,0,27,31,42,54,84,83,71,76,87,91,114,0,0,0,0,-118,-104,-118,-86,-97,8,8,8,8,8,8,8,8,9,8,8,8,16,18,15,0,0,0,8,0,0,0,0,0,0,0,0,0,0,0,0,-1,0,0,0,0,0,0,0,0,0,0,0,0,0,0,0,0,0,0,0,0,0,0]} 1. d4 Nf6 2. c4 e6 3. Nc3 Bb4 4. Qc2 d6 5. a3 Bxc3+ 6. Qxc3 b6 7. Nf3 Bb7 8. g3 O-O 9. Bg2 a5 10. b3 Nbd7 11. O-O Qe7 12. Bb2 Ne4 {E32: Nimzo-Indian: Classical (4 Qc2): 4...0-0.} 13. Qe3 f5 {[#]} 14. Ng5 $1 {[%cal Rg5e4]} Ndf6 15. Nxe4 Bxe4 {[#]} 16. f3 $146 ({Predecessor:} 16. Bh3 Qf7 17. f3 Bb7 18. d5 Rae8 19. dxe6 Qh5 20. Bg2 Re7 21. b4 Qe8 22. bxa5 Rxe6 {1-0 (60) Varga,P (2390)-Medvegy,N (2325) Budapest 1998}) 16... Bb7 17. Rae1 Qd7 18. Qd3 d5 19. Rc1 Ba6 20. Qe3 (20. e4 $11) 20... a4 $15 21. Rfe1 axb3 22. cxd5 exd5 {next ...Bc4 is good for Black.} 23. Qxb3 Bc4 24. Qc2 b5 25. Bh3 g6 26. e4 $1 Nh5 27. exf5 Ng7 28. Re5 Nxf5 29. Rce1 Rae8 30. Qd2 (30. Bxf5 $16 gxf5 31. Qd2) 30... Rxe5 $11 31. dxe5 d4 32. f4 (32. Bxf5 $11 {keeps the balance.} Rxf5 33. e6 Bxe6 34. Qxd4 Qxd4+ 35. Bxd4) 32... c5 $17 33. Qc2 Qe6 34. a4 {[#]} b4 ({Black should play} 34... d3 $1 $17 {[%cal Rd3c2]} 35. Qf2 bxa4 36. Bxf5 gxf5 37. Qxc5 Rc8) 35. Rc1 $11 {The position is equal.} d3 36. Qxc4 Qxc4 37. Rxc4 d2 38. Bg4 Rd8 $1 39. Kf2 {Black must now prevent Bd1.} ({Reject} 39. Rxc5 d1=Q+ 40. Bxd1 Rxd1+ 41. Kg2 Rd2+ 42. Kh3 Rxb2 $17) 39... d1=Q 40. Bxd1 Rxd1 {[%mdl 4096] Endgame KRB-KRN} 41. Bc1 b3 $1 42. Ke2 Rh1 43. Kd3 Rxh2 44. Kc3 (44. g4 {feels hotter.} Ne7 45. Kc3 Nc6 46. Ba3 Rh3+ 47. Kb2) 44... b2 45. Bxb2 Ne3 46. Re4 Nd1+ {[%mdl 64] Double Attack} 47. Kc4 Rc2+ 48. Kb5 Rxb2+ 49. Kxc5 {KRN-KR} Kf7 50. Rb4 {And now Rxb2 would win.} Rc2+ 51. Rc4 Ra2 {Strongly threatening ...Nb2.} 52. Kb5 h5 53. Rc7+ Ke6 54. Rc6+ Kf7 55. a5 Ne3 56. a6 Rb2+ 57. Kc5 {Threatens to win with Rf6+.} Rc2+ 58. Kb5 Rb2+ 59. Kc5 Rc2+ 60. Kb5 {Hoping for Rxc2.} Rb2+ 61. Kc5 {Weighted Error Value: White=0.12/Black=0.09} 1/2-1/2

[Event "XII Closed IM BCC 2021"]
[Site "Barcelona"]
[Date "2021.03.23"]
[Round "9.5"]
[White "Boyer, Mahel"]
[Black "Garcia Ramos, Daniel"]
[Result "1-0"]
[WhiteElo "2333"]
[BlackElo "2412"]
[Annotator "TA"]
[PlyCount "57"]
[EventDate "2021.03.15"]
[EventType "tourn"]
[EventCountry "ESP"]
[SourceTitle "playchess.com"]
[Source "ChessBase"]
[SourceQuality "1"]

{[%evp 9,57,2,0,-1,8,-5,-1,0,0,-7,-4,-8,22,13,27,20,28,12,43,38,43,28,43,23,27,-7,41,48,55,54,135,135,285,262,426,419,627,634,964,923,988,926,985,960,1070,1047,1179,1218,1160,1116]} 1. d4 Nf6 2. c4 e6 3. Nc3 Bb4 4. e3 O-O 5. Nge2 c6 6. a3 {E46: Nimzo-Indian: Rubinstein: 4 e3 0-0 5 Ne2 without early Bd3.} Ba5 7. c5 d6 8. cxd6 {The position is equal.} Qxd6 9. b4 Bc7 10. g3 e5 11. Bg2 Bg4 {[#]} 12. h3 $146 ({Predecessor:} 12. O-O exd4 13. exd4 Bxe2 14. Nxe2 Rd8 15. Qc2 Nd5 16. Nf4 Nb6 17. Be3 N8d7 18. Rac1 {1-0 (54) Zemlyanskii,I (1745)-Vetokhin,S (2349) Cheliabinsk 2020}) 12... Be6 13. O-O Rd8 14. Qc2 Nbd7 15. Bb2 Rac8 16. Rad1 {dxe5 is the strong threat.} Qe7 17. e4 {Threatens to win with d5.} exd4 18. Nxd4 Ne5 19. Na4 {[%cal Bc3a4,Ba4c5,Bc5a6,Ba6c7][%mdl 32] aiming for Nc5.} b5 {[#]} (19... Nc4 $14) 20. Nc5 $1 $16 {Black must now prevent f4.} Bc4 {This move loses the game for Black.} (20... Bb8 $16 21. Ndxe6 fxe6 22. Bxe5 Rxd1 23. Rxd1 Bxe5) 21. Rfe1 $18 Bb6 $2 (21... Qe8 22. f4 Ng6) 22. Nf5 Qc7 (22... Qe8 $142 23. Qc3 Bxc5 24. bxc5 (24. Qxe5 Qxe5 25. Bxe5 Bf8 $16) 24... Nfd7) 23. Na6 {White is clearly winning.} Bd3 {[#]} 24. Rxd3 {[%mdl 512]} Nxd3 25. Nxc7 Nxe1 26. Qc1 ({Not} 26. Ne7+ Kf8 $16) 26... Bxf2+ 27. Kf1 {Qg5! would kill now.} Nxg2 28. Kxg2 {White threatens Qg5! and mate.} Nxe4 29. Ne7+ {Weighted Error Value: White=0.05/Black=0.39} 1-0